| 000 | 00769nam a22002537a 4500 | ||
|---|---|---|---|
| 003 | CBULib | ||
| 005 | 20230817064306.0 | ||
| 008 | 230721b |||||||| |||| 00| 0 eng d | ||
| 020 | _a9780198822387 | ||
| 040 |
_aLC _cCBULib _dCBULib _erda _bEnglish |
||
| 041 | _aeng | ||
| 050 | _aQA 805 Man | ||
| 100 | 1 |
_9196 _aMann, Peter, _d1994- |
|
| 245 |
_aLagrangian and Hamiltonian dynamics _c/ by Peter Mann |
||
| 260 |
_aOxford : _bOxford University Press, _c2018 |
||
| 300 | _axi, 538 pages : illustrations | ||
| 336 |
_2rdacontent _aText | _btxt |
||
| 337 |
_2rdacontent _aUnmediated | _bn |
||
| 338 |
_2rdacontent _aVolume _bnc |
||
| 650 | 0 |
_9197 _aMECHANICS, ANALYSIS |
|
| 650 | 0 |
_9198 _aHAMILTONIAN SYSTEMS |
|
| 650 | 0 |
_9199 _aLAGRANGIAN FUNCTIONS |
|
| 942 |
_2lcc _c002 |
||
| 999 |
_c81208 _d81208 |
||